000 00291nam a22001337a 4500
008 171124b xxu||||| |||| 00| 0 eng d
020 _a9780073403113
041 _aeng
080 _a658.15
100 _a55
101 _aNDE
245 _aENTREPRENEURSHIP
_cBAMFORD,CH.E
942 _2udc
_cBK
999 _c38440
_d38440